Eastern Utah Libraries Catalog: Duchesne, Heber, Roosevelt, & Vernal

The war / (Record no. 363108)

MARC details
000 -LEADER
fixed length control field 08171cgm a2201477Ia 4500
001 - CONTROL NUMBER
control field ocn154042142
003 - CONTROL NUMBER IDENTIFIER
control field OCoLC
005 - DATE AND TIME OF LATEST TRANSACTION
control field 20251124111048.0
007 - PHYSICAL DESCRIPTION FIXED FIELD--GENERAL INFORMATION
fixed length control field vd mvaizk
008 - FIXED-LENGTH DATA ELEMENTS--GENERAL INFORMATION
fixed length control field 070709s2007 xxu840 g vleng d
020 ## - INTERNATIONAL STANDARD BOOK NUMBER
International Standard Book Number 141572749X
020 ## - INTERNATIONAL STANDARD BOOK NUMBER
International Standard Book Number 9781415727492
020 ## - INTERNATIONAL STANDARD BOOK NUMBER
International Standard Book Number 9781608839445
020 ## - INTERNATIONAL STANDARD BOOK NUMBER
International Standard Book Number 1608839443
020 ## - INTERNATIONAL STANDARD BOOK NUMBER
International Standard Book Number 9786311312308
020 ## - INTERNATIONAL STANDARD BOOK NUMBER
International Standard Book Number 6311312301
024 10 - OTHER STANDARD IDENTIFIER
Standard number or code 841887052153
024 1# - OTHER STANDARD IDENTIFIER
Standard number or code 841887019477
024 10 - OTHER STANDARD IDENTIFIER
Standard number or code 841887052122
024 7# - OTHER STANDARD IDENTIFIER
Standard number or code 00841887019477
Source of number or code gtin-14
024 10 - OTHER STANDARD IDENTIFIER
Standard number or code 978-1-41572749-2
028 42 - PUBLISHER NUMBER
Publisher number 705212
Source PBS Home Video
028 42 - PUBLISHER NUMBER
Publisher number TWAR620
Source PBS Home Video
029 1# - (OCLC)
OCLC library identifier AU@
System control number 000042397499
029 1# - (OCLC)
OCLC library identifier AU@
System control number 000055125548
029 1# - (OCLC)
OCLC library identifier NZ1
System control number 11675814
029 1# - (OCLC)
OCLC library identifier NZ1
System control number 13983753
029 1# - (OCLC)
OCLC library identifier NZ1
System control number 15418597
033 01 - DATE/TIME AND PLACE OF AN EVENT
Formatted date/time 2007----
035 ## - SYSTEM CONTROL NUMBER
System control number (OCoLC)154042142
Canceled/invalid control number (OCoLC)179602835
-- (OCoLC)183327301
-- (OCoLC)183916234
-- (OCoLC)191212844
-- (OCoLC)191866953
-- (OCoLC)193998140
-- (OCoLC)871012011
-- (OCoLC)965599103
-- (OCoLC)968391711
-- (OCoLC)970765202
-- (OCoLC)971963151
-- (OCoLC)972711177
-- (OCoLC)978356440
-- (OCoLC)978828983
-- (OCoLC)990713596
-- (OCoLC)1002007400
-- (OCoLC)1002084981
-- (OCoLC)1002087114
-- (OCoLC)1002097265
-- (OCoLC)1002347105
-- (OCoLC)1002882236
-- (OCoLC)1003647350
-- (OCoLC)1010997478
-- (OCoLC)1012007458
-- (OCoLC)1014350972
-- (OCoLC)1020439402
-- (OCoLC)1023765955
-- (OCoLC)1029432818
-- (OCoLC)1031551003
-- (OCoLC)1038245307
-- (OCoLC)1038246866
-- (OCoLC)1049116473
-- (OCoLC)1052702643
-- (OCoLC)1054377748
-- (OCoLC)1082459458
-- (OCoLC)1084283584
-- (OCoLC)1098384804
-- (OCoLC)1117345331
-- (OCoLC)1134149244
-- (OCoLC)1142334453
-- (OCoLC)1144613273
-- (OCoLC)1251727207
037 ## - SOURCE OF ACQUISITION
Source of stock number/acquisition Midwest Tape
Note http://www.midwesttapes.com
040 ## - CATALOGING SOURCE
Original cataloging agency TEFMT
Language of cataloging eng
Transcribing agency TEFMT
Modifying agency RCS
-- IF9
-- ILC
-- JED
-- MR0
-- TEF
-- RCS
-- OCLCQ
-- QJC
-- OCLCQ
-- WAU
-- OCLCQ
-- H4N
-- WCM
-- LRU
-- NRM
-- UMC
-- BTCTA
-- KZV
-- UIU
-- OCLCA
-- OCLCQ
-- BDX
-- ZCU
-- VLR
-- OCLCO
-- P4I
-- OCLCA
-- OCLCO
-- OVY
-- OCLCO
-- WVU
-- OCLCO
-- PWS
-- OCLCO
-- CUS
-- OCLCQ
-- NRS
-- OCLCO
-- OCLCQ
-- OCLCO
-- DML
-- T2S
-- CHY
-- OCLCO
-- MWM
-- XFF
-- OCLCQ
-- OCLCO
-- OCLCF
-- ACNLC
-- NTF
-- PAU
-- JTQ
-- TEFMT
-- T7F
-- OKS
-- VBO
-- OCLCA
-- OCLCQ
-- OCLCO
-- ULY
-- OCL
-- OCLCA
-- O2C
-- OCLCQ
-- TYC
-- OCLCA
-- OCLCQ
-- KI2
-- WNL
-- OCLCO
-- GZN
-- CPO
-- WLU
-- OCLCO
-- ROB
-- CBA
-- CSO
-- OCLCO
-- WUX
-- OCLCO
-- LMJ
-- OCLCO
-- JSV
-- JX5
-- OCLCO
-- NJT
-- OCLCO
-- OCL
-- NIU
-- MIR
-- OCL
-- GK8
-- KGT
-- AW3
-- LTP
-- ALV
-- OKN
-- IAT
-- OCLCO
-- CUS
-- WACOL
Description conventions rda
041 1# - LANGUAGE CODE
Language code of text/sound track or separate title eng
Language code of original and/or intermediate translations of text eng
043 ## - GEOGRAPHIC AREA CODE
Geographic area code n-us-ct
-- n-us-al
-- n-us-ca
-- n-us-mn
049 ## - LOCAL HOLDINGS (OCLC)
Holding library WACL
050 14 - LIBRARY OF CONGRESS CALL NUMBER
Classification number D811.5
Item number .W37 2007
082 04 - DEWEY DECIMAL CLASSIFICATION NUMBER
Classification number 940.54/28
Edition number 22
092 ## - LOCALLY ASSIGNED DEWEY CALL NUMBER (OCLC)
Classification number 940.54
Item number War
130 0# - MAIN ENTRY--UNIFORM TITLE
Uniform title War (Television program : 2007)
9 (RLIN) 56145
245 14 - TITLE STATEMENT
Title The war /
246 1# - VARYING FORM OF TITLE
Display text Subtitle on container:
Title proper/short title In extraordinary times, there are no ordinary lives, 1941-1945
257 ## - COUNTRY OF PRODUCING ENTITY FOR ARCHIVAL FILMS
Country of producing entity United States
260 ## - PUBLICATION, DISTRIBUTION, ETC. (IMPRINT)
Place of publication, distribution, etc [United States] :
Name of publisher, distributor, etc PBS Home Video ;
Place of publication, distribution, etc Hollywood, Calif. :
Name of publisher, distributor, etc Paramount Home Entertainment [distributor],
Date of publication, distribution, etc [2007]
264 ## - Production, Publication, Distribution, Manufacture, and Copyright Notice.
Place of production, publication, distribution, manufacture PBS Home Video ;
Name of producer, publisher, distributor, manufacturer American Lives II Film Project, LLC. ; a production of Florentine Films and WETA Washington D.C. ; produced by Sarah Botstein ; written by Geoffrey C. Ward ; directed and produced by Ken Burns and Lynn Novick.
Date of production, publication, distribution, manufacture, or copyr 2007
300 ## - PHYSICAL DESCRIPTION
Extent 6 videodiscs (840 min.) :
Other physical details sound, color and black and white ;
Dimensions 4 3/4 in.
336 ## - Content Type
Content type term two-dimensional moving image
337 ## - Media type
Media type term video
338 ## - Carrier type
Carrier type term videodisc
340 ## - PHYSICAL MEDIUM
Material base and configuration plastic
340 ## - PHYSICAL MEDIUM
Dimensions 4 3/4 in.
500 ## - GENERAL NOTE
General note A seven-episode series.
500 ## - GENERAL NOTE
General note Special features: Disc 1: "Making The war" featurette; commentary by Ken Burns and Lynn Novick; photo gallery; biographies; educational resources ; Disc 3: Commentary by Ken Burns and Lynn Novick ; Disc 6: Exclusive deleted scenes; additional interviews; educational resources.
505 00 - FORMATTED CONTENTS NOTE
Miscellaneous information Disc 1.
Title Necessary war --
Miscellaneous information disc 2.
Title When things get tough ;
-- Deadly calling --
Miscellaneous information disc 3.
Title Pride of our nation --
Miscellaneous information disc 4.
Title Fubar --
Miscellaneous information disc 5.
Title Ghost front --
Miscellaneous information disc 6.
Title World without war.
506 ## - RESTRICTIONS ON ACCESS NOTE
Terms governing access For private home use only.
508 ## - CREATION/PRODUCTION CREDITS NOTE
Creation/production credits note Cinematography, Buddy Squires ; editors, Paul Barnes, Erik Ewers, Tricia Reidy ; original music, Wynton Marsalis.
511 0# - PARTICIPANT OR PERFORMER NOTE
Participant or performer note Narrated by Keith David, with Tom Hanks, Josh Lucas, Bobby Cannavale, Samuel L. Jackson, Eli Wallach, Adam Arkin, Kevin Conway, Rebecca Holtz, Carolyn McCormick, Robert Wahlberg.
518 ## - DATE/TIME AND PLACE OF AN EVENT NOTE
Date/time and place of an event note Originally broadcast by PBS in 2007.
520 ## - SUMMARY, ETC.
Summary, etc Tells the story of ordinary people in four quintessentially American towns - Waterbury, Connecticut; Mobile, Alabama; Sacramento, California; and Luverne, Minnesota - and examines the ways in which the Second World War touched the lives of every family on every street in every town in America.
521 8# - TARGET AUDIENCE NOTE
Target audience note TV-14; disturbing content, violence.
521 ## - TARGET AUDIENCE NOTE
Target audience note DVD
Source MicroMarketing
538 ## - SYSTEM DETAILS NOTE
System details note DVD, region 1, widescreen (16:9, enhanced) presentation; Dolby Digital 2.0 stereo. surround, Dolby Digital 5.1 surround, NTSC.
546 ## - LANGUAGE NOTE
Language note Closed-captioned.
648 #7 - SUBJECT ADDED ENTRY--CHRONOLOGICAL TERM
Chronological term 1933-1945
Source of heading or term fast
9 (RLIN) 5791365
650 #0 - SUBJECT ADDED ENTRY--TOPICAL TERM
Topical term or geographic name as entry element World War, 1939-1945
General subdivision Social aspects.
9 (RLIN) 94291
650 #0 - SUBJECT ADDED ENTRY--TOPICAL TERM
Topical term or geographic name as entry element World War, 1939-1945
General subdivision War work.
9 (RLIN) 94295
650 #0 - SUBJECT ADDED ENTRY--TOPICAL TERM
Topical term or geographic name as entry element City dwellers
Geographic subdivision United States
General subdivision Effect of war on.
9 (RLIN) 6422550
650 #0 - SUBJECT ADDED ENTRY--TOPICAL TERM
Topical term or geographic name as entry element World War, 1939-1945
Geographic subdivision United States.
9 (RLIN) 5674555
650 #1 - SUBJECT ADDED ENTRY--TOPICAL TERM
Topical term or geographic name as entry element World War, 1939-1945
Geographic subdivision United States.
9 (RLIN) 5674555
650 #7 - SUBJECT ADDED ENTRY--TOPICAL TERM
Topical term or geographic name as entry element Social aspects.
Source of heading or term fast
9 (RLIN) 5801443
650 #7 - SUBJECT ADDED ENTRY--TOPICAL TERM
Topical term or geographic name as entry element War work.
Source of heading or term fast
9 (RLIN) 5987519
650 #7 - SUBJECT ADDED ENTRY--TOPICAL TERM
Topical term or geographic name as entry element Documentary
Form subdivision Television series.
Source of heading or term migfg
9 (RLIN) 6422551
650 #7 - SUBJECT ADDED ENTRY--TOPICAL TERM
Topical term or geographic name as entry element World War, 1939-1945
General subdivision Social aspects.
Source of heading or term sears
9 (RLIN) 94291
650 #7 - SUBJECT ADDED ENTRY--TOPICAL TERM
Topical term or geographic name as entry element City dwellers
General subdivision Effects of war on.
Source of heading or term sears
9 (RLIN) 6422553
650 #7 - SUBJECT ADDED ENTRY--TOPICAL TERM
Topical term or geographic name as entry element World War, 1939-1945
Geographic subdivision United States.
Source of heading or term sears
9 (RLIN) 5674555
650 #8 - SUBJECT ADDED ENTRY--TOPICAL TERM
Topical term or geographic name as entry element World War, 1939-1945
General subdivision Social aspects.
9 (RLIN) 94291
650 #8 - SUBJECT ADDED ENTRY--TOPICAL TERM
Topical term or geographic name as entry element City dwellers
General subdivision Effects of war on.
9 (RLIN) 6422553
650 #8 - SUBJECT ADDED ENTRY--TOPICAL TERM
Topical term or geographic name as entry element World War, 1939-1945
Geographic subdivision United States.
9 (RLIN) 5674555
651 #0 - SUBJECT ADDED ENTRY--GEOGRAPHIC NAME
Geographic name United States
General subdivision History
Chronological subdivision 1933-1945.
9 (RLIN) 93216
651 #7 - SUBJECT ADDED ENTRY--GEOGRAPHIC NAME
Geographic name United States.
Source of heading or term fast
651 #7 - SUBJECT ADDED ENTRY--GEOGRAPHIC NAME
Geographic name United States
General subdivision History
Chronological subdivision 1933-1945.
Source of heading or term sears
9 (RLIN) 93216
651 #7 - SUBJECT ADDED ENTRY--GEOGRAPHIC NAME
Geographic name World War, 1939-1945
General subdivision War work.
Source of heading or term sears
9 (RLIN) 6422552
651 #8 - SUBJECT ADDED ENTRY--GEOGRAPHIC NAME
Geographic name United States
General subdivision History
Chronological subdivision 1933-1945.
9 (RLIN) 93216
651 #8 - SUBJECT ADDED ENTRY--GEOGRAPHIC NAME
Geographic name World War, 1939-1945
General subdivision War work.
9 (RLIN) 6422552
655 #0 - INDEX TERM--GENRE/FORM
Genre/form data or focus term Documentary
Form subdivision Television series.
9 (RLIN) 6422554
655 #4 - INDEX TERM--GENRE/FORM
Genre/form data or focus term Documentary
Form subdivision Television series.
9 (RLIN) 6422554
655 #7 - INDEX TERM--GENRE/FORM
Genre/form data or focus term Television programs.
Source of term fast
655 #7 - INDEX TERM--GENRE/FORM
Genre/form data or focus term Video recordings for the hearing impaired.
Source of term fast
655 #7 - INDEX TERM--GENRE/FORM
Genre/form data or focus term Documentary television programs.
Source of term fast
655 #7 - INDEX TERM--GENRE/FORM
Genre/form data or focus term History.
Source of term fast
9 (RLIN) 5675940
655 #7 - INDEX TERM--GENRE/FORM
Genre/form data or focus term Historical television programs.
Source of term gsafd
655 #7 - INDEX TERM--GENRE/FORM
Genre/form data or focus term Documentary television programs.
Source of term lcgft
9 (RLIN) 6422555
655 #7 - INDEX TERM--GENRE/FORM
Genre/form data or focus term Video recordings for the hearing impaired.
Source of term lcgft
9 (RLIN) 6422556
655 #7 - INDEX TERM--GENRE/FORM
Genre/form data or focus term Nonfiction television programs.
Source of term lcgft
9 (RLIN) 5674022
655 #7 - INDEX TERM--GENRE/FORM
Genre/form data or focus term Feature films.
Source of term lcgft
655 #7 - INDEX TERM--GENRE/FORM
Genre/form data or focus term Documentary
Form subdivision Television series.
Source of term migfg
9 (RLIN) 6422554
655 #7 - INDEX TERM--GENRE/FORM
Genre/form data or focus term Historical works (Nonfiction)
Source of term mim
9 (RLIN) 6422557
700 1# - ADDED ENTRY--PERSONAL NAME
Personal name Botstein, Sarah,
Dates associated with a name 1972-
9 (RLIN) 74614
700 1# - ADDED ENTRY--PERSONAL NAME
Personal name Ward, Geoffrey C.
9 (RLIN) 19956
700 1# - ADDED ENTRY--PERSONAL NAME
Personal name Burns, Ken,
Dates associated with a name 1953-
9 (RLIN) 35455
700 1# - ADDED ENTRY--PERSONAL NAME
Personal name Novick, Lynn.
9 (RLIN) 40925
700 1# - ADDED ENTRY--PERSONAL NAME
Personal name David, Keith.
9 (RLIN) 28521
700 1# - ADDED ENTRY--PERSONAL NAME
Personal name Hanks, Tom.
9 (RLIN) 29715
700 1# - ADDED ENTRY--PERSONAL NAME
Personal name Lucas, Josh.
9 (RLIN) 67179
700 1# - ADDED ENTRY--PERSONAL NAME
Personal name Cannavale, Bobby.
9 (RLIN) 54164
700 1# - ADDED ENTRY--PERSONAL NAME
Personal name Jackson, Samuel L.
9 (RLIN) 62150
700 1# - ADDED ENTRY--PERSONAL NAME
Personal name Wallach, Eli,
Dates associated with a name 1915-2014.
9 (RLIN) 6108827
700 1# - ADDED ENTRY--PERSONAL NAME
Personal name Arkin, Adam.
9 (RLIN) 61702
700 1# - ADDED ENTRY--PERSONAL NAME
Personal name Conway, Kevin.
9 (RLIN) 32741
700 1# - ADDED ENTRY--PERSONAL NAME
Personal name Holtz, Rebecca.
9 (RLIN) 74716
700 1# - ADDED ENTRY--PERSONAL NAME
Personal name McCormick, Carolyn.
9 (RLIN) 70119
700 1# - ADDED ENTRY--PERSONAL NAME
Personal name Wahlberg, Robert,
Dates associated with a name 1967-
9 (RLIN) 74717
700 1# - ADDED ENTRY--PERSONAL NAME
Personal name Squires, Buddy.
9 (RLIN) 42275
700 1# - ADDED ENTRY--PERSONAL NAME
Personal name Barnes, Paul,
Dates associated with a name 1951-
9 (RLIN) 5953371
700 1# - ADDED ENTRY--PERSONAL NAME
Personal name Ewers, Erik.
9 (RLIN) 5828358
700 1# - ADDED ENTRY--PERSONAL NAME
Personal name Reidy, Tricia.
9 (RLIN) 59198
700 1# - ADDED ENTRY--PERSONAL NAME
Personal name Marsalis, Wynton,
Dates associated with a name 1961-
Relator code cmp
9 (RLIN) 19479
710 2# - ADDED ENTRY--CORPORATE NAME
Corporate name or jurisdiction name as entry element American Lives II Film Project.
9 (RLIN) 6422558
710 2# - ADDED ENTRY--CORPORATE NAME
Corporate name or jurisdiction name as entry element Florentine Films.
9 (RLIN) 16235
710 2# - ADDED ENTRY--CORPORATE NAME
Corporate name or jurisdiction name as entry element WETA-TV (Television station : Washington, D.C.)
9 (RLIN) 3930
710 2# - ADDED ENTRY--CORPORATE NAME
Corporate name or jurisdiction name as entry element PBS Home Video.
9 (RLIN) 60883
710 2# - ADDED ENTRY--CORPORATE NAME
Corporate name or jurisdiction name as entry element Paramount Home Entertainment (Firm)
9 (RLIN) 72161
773 0# - HOST ITEM ENTRY
Title OKS Print
856 42 - ELECTRONIC LOCATION AND ACCESS
Materials specified The Louis A. Duhring Fund Home Page
Uniform Resource Identifier <a href="http://hdl.library.upenn.edu/1017.12/366308">http://hdl.library.upenn.edu/1017.12/366308</a>
856 42 - ELECTRONIC LOCATION AND ACCESS
Materials specified Additional resources
Uniform Resource Identifier <a href="http://www.pbs.org/thewar/">http://www.pbs.org/thewar/</a>
942 ## - ADDED ENTRY ELEMENTS (KOHA)
Source of classification or shelving scheme Dewey Decimal Classification
Koha item type DVD Series
Holdings
Withdrawn status Lost status Source of classification or shelving scheme Materials specified (bound volume or other part) Damaged status Not for loan Collection code Home library Current library Shelving location Date acquired Source of acquisition Total Checkouts Total Renewals Full call number Barcode Date last seen Date checked out Cost, replacement price Price effective from Koha item type
  Missing Dewey Decimal Classification 6 discs     Television Series Wasatch County Library Wasatch County Library Audio Visual Area 07/13/2021 Amazon 3 4 TV Series 940 War 34301001818725 09/23/2025 09/12/2025 40.00 07/13/2021 DVD Series
This project was made possible through a grant from the Institute of Museum and Library Service administered by the Utah State Library Division.

Wasatch County Library

  • 465 East 1200 South, Heber City, Utah 84032
  • Phone 435-654-1511 | Fax 435-654-6456

Hours

  • Monday - Friday 9:30 AM - 8:00 PM
  • Saturday 9:30 AM - 1:30 PM
  • Closed Sundays and Holidays